Patient satisfaction and crestal bone loss of polymer infiltrated ceramic network versus lithium disilicate implant hybrid abutment crowns in esthetic zone (رقم التسجيلة. 164376)

تفاصيل مارك
000 -LEADER
fixed length control field 03201nam a2200301Ia 4500
005 - DATE AND TIME OF LATEST TRANSACTION
control field 20250223033126.0
008 - FIXED-LENGTH DATA ELEMENTS--GENERAL INFORMATION
fixed length control field 231030s9999 xx 000 0 und d
049 ## - LOCAL HOLDINGS (OCLC)
Holding library Deposit
082 ## - DEWEY DECIMAL CLASSIFICATION NUMBER
Classification number 610
097 ## - Thesis Degree
Thesis Level Ph.D
099 ## - LOCAL FREE-TEXT CALL NUMBER (OCLC)
Classification number Cai01.09.09.Ph.D.2022.In.P
100 ## - MAIN ENTRY--PERSONAL NAME
Personal name Inas Adel Mahmoud ,
245 ## - TITLE STATEMENT
Title Patient satisfaction and crestal bone loss of polymer infiltrated ceramic network versus lithium disilicate implant hybrid abutment crowns in esthetic zone
Statement of responsibility, etc. Inas Adel Mahmoud ; Adel Eltannir , Reham Said Elbasty
246 ## - VARYING FORM OF TITLE
Title proper/short title رضا المرضي وفقدان العظام القاعدية للتيجان الدعاميه المهجنه المثبته عليالغرسات والمصنوعة من الخزف المهجن مقابل ليثيوم ديسيليكات (تجارب إكلينيكيه عشوائيه)
260 ## - PUBLICATION, DISTRIBUTION, ETC.
Date of publication, distribution, etc. 2022.
336 ## - CONTENT TYPE
Source rda content
Content type term text
337 ## - MEDIA TYPE
Source rdamedia
Media type term Unmediated
338 ## - CARRIER TYPE
Source rdacarrier
Carrier type term volume
502 ## - DISSERTATION NOTE
Dissertation note Thesis (M.Sc.)-Cairo University - Faculty of Oral and Dental Medicine - Department of Fixed Prosthodontics
504 ## - BIBLIOGRAPHY, ETC. NOTE
Bibliography, etc. note Bibliography: p. 179-209.
520 ## - SUMMARY, ETC.
Summary, etc. الهدف: لتقييم رضا المريض وقياس فقدان العظام حول الزرع للتيجان الدعاميه المهجنة المثبتة علي الغرسات فيتا اينمك عند مقارنتها بتيجان سيليكات الليثيوم بعد 12 ً شهرا من المتابعة. المنهجية: تم اختيار 44 مريضا من العيادة الخارجية بقسم الاستعراضات السنية المثبتة وتم غرس زراعات مباشرة بعد خلع الأسنان الأمامية و بعد 3 شهور تم عمل الخطوة التالية لتجهيز اللثة لعمل تركيبات على الغرسات. ثم تم تقسيمهم إلى مجموعتين :تلقت المجموعة الأولى التيجان الداعمة الهجينة لـفيتا اينمك. تلقت المجموعة الثانية تيجان دعامة هجينة من سيليكات الليثيوم فوق الغرسات الموضوعة على الفور في المنطقة التجميلية. تم إجراء المسح داخل الفم باستخدام الكاد كام مباشرة بعد إزالة المؤقت. تم دمج جميع فحوصات الأسنان جنبًا إلى جنب مع فحوصات اللثة لإنشاء نموذج افتراضي كامل النشاء التاج. تم. الترابط الخارجي لقاعدة التيتانيوم مع التاج. تم أخذ الصور الشعاعية مباشرة بعد وضع التاج وبعد 12 ً شهرا من وضع التاج باستخدام تقنية موازية ، مع حامل الأشعة السينية للصور الشعاعية لتوحيد وضع جهاز الأشعة .تم تسجي رضا المرضى ً باستخدام مقياس تناظري بصري. تم تقييم مؤشرات اللثة بعد عام واحد أيضا
650 ## - SUBJECT ADDED ENTRY--TOPICAL TERM
Topical term or geographic name entry element Dentistry
653 ## - INDEX TERM--UNCONTROLLED
Uncontrolled term Patient satisfaction
700 ## - ADDED ENTRY--PERSONAL NAME
Personal name Reham Said Elbasty
856 ## - ELECTRONIC LOCATION AND ACCESS
Uniform Resource Identifier <a href="http://172.23.153.220/th.pdf">http://172.23.153.220/th.pdf</a>
905 ## - LOCAL DATA ELEMENT E, LDE (RLIN)
Cataloger Mohamady
942 ## - ADDED ENTRY ELEMENTS (KOHA)
Koha item type Thesis
Source of classification or shelving scheme Dewey Decimal Classification
المقتنيات
Source of classification or shelving scheme Not for loan Home library Current library Date acquired Full call number Barcode Date last seen Koha item type
Dewey Decimal Classification   المكتبة المركزبة الجديدة - جامعة القاهرة قاعة الرسائل الجامعية - الدور الاول 11.02.2024 Cai01.09.09.Ph.D.2022.In.P 01010110086461000 30.10.2023 Thesis
Cairo University Libraries Portal Implemented & Customized by: Eng. M. Mohamady Contacts: new-lib@cl.cu.edu.eg | cnul@cl.cu.edu.eg
CUCL logo CNUL logo
© All rights reserved — Cairo University Libraries
CUCL logo
Implemented & Customized by: Eng. M. Mohamady Contact: new-lib@cl.cu.edu.eg © All rights reserved — New Central Library
CNUL logo
Implemented & Customized by: Eng. M. Mohamady Contact: cnul@cl.cu.edu.eg © All rights reserved — Cairo National University Library